Регионална библиотека "Любен Каравелов" - Русе

Вуто Ничев Нанов (Запис номер 400698)

MARC детайли
000 -Лидер
Контролно поле с фиксирана дължина nam a22 a 4500
003 - Код на организацията, давaща контролен номер
Контролно поле BLK
005 - Дата и час на последна редакция
Контролно поле 20210317135619.0
008 - Елементи от данни с фиксирана дължина
fixed length control field 180411b bul|||||r ||||||| ||bul||
010 ## - Наследен системен номер
LC control number KNG00199070000
040 ## - Източник на каталожния запис
Идентификатор на билиотеката - собственик на записа BLK
041 ## - Код за език
Код за езика на текст/звукозапис или на отделно заглавие Български
Код за езика КДБФ Български
072 ## - Код за тематичната категория
9 (RLIN) 178370
Код за тематична категория Я
Текст Автографи
080 ## - УДК
Текстов определител УДК Военна история - Военни походи, битки, героични подвизи. Вж и 93/99
УДК код - определител по УДК 355.48
УДК определител (497.2)
УДК - код + определител 355.48(497.2)
100 1# - Редна дума - Автор
Автор Игнатова, Красимира Русева
Авторска отговорност първи автор
R(LIN) 380727
139 ## - Редно поле
Редна дума Игнатова, Красимира Русева
Авторски знак Нан - Н 21
245 10 - Сведения за заглавието
Заглавие Вуто Ничев Нанов
Подзаглавни данни 100 години достойнство и чест
Редно поле (дума) Красимира Русева Игнатова.
257 ## - Страна на издаване
Страна на създаване/издаване България
260 ## - Област на издателските данни
Година на издаване 2020
Място на издаване, разпространение и проч. Русе
Име на издателя, разпространителя и проч. Авангард принт
9 (RLIN) 209556
300 ## - Физическа характеристика
Страници 79 с.
Илюстрации и др. със сн., факс.
Размери/Мащаб 20 см
380 ## - Жанр
Жанр Обществени науки
500 ## - Общи забележки
Забележка Изд. на Регион. съюз на офицерите и сержантите от запаса и резерва - Русе, Воен. клуб - Русе. <br/>Автограф: С уважение Вуто Нанов, 10.03.2020 г., Русе
600 14 - Име на лице, използвано като предмет
За него / За нея Нанов, Вуто
9 (RLIN) 100595
650 ## - Допълнително описание по предмет – тема
Основно описание – тема или топоним БКП - Русенски край - дейци
9 (RLIN) 443078
650 #0 - Допълнително описание по предмет – тема
Основно описание – тема или топоним Отечествен фронт - история
9 (RLIN) 301498
651 #4 - Допълнително описание по предмет - топоним
Географско понятие Русе
9 (RLIN) 179462
659 #7 - Тематичен бюлетин
9 (RLIN) 178167
Тематичен бюлетин Я
Тематичен бюлетин - текст Автографи
852 ## - Местоположение
Фондова буква Краезнание
Систематично-азбучна сигнатура 35/ И 29 К
856 4# - Електронен адрес и достъп
Електронен формат pdf - файл
856 4# - Електронен адрес и достъп
Електронен формат pdf - файл
999 ## - СИСТЕМНИ КОНТРОЛНИ НОМЕРА
Koha biblionumber 400698
Koha biblioitemnumber 400698
942 ## - АРТИКУЛИ
Вид на библиотечния материал Книги
Скрит в OPAC Не
Периодичен библиозапис Да
944 ## - СЪЗДАВАНЕ И РЕДАКЦИЯ на ЗАПИСА
Създаване/Редакция Създаване
Дата на регистрацията/редакция 2021-03-11
999 ## - СИСТЕМНИ КОНТРОЛНИ НОМЕРА
Koha biblioitemnumber 400698
999 ## - СИСТЕМНИ КОНТРОЛНИ НОМЕРА
Koha biblioitemnumber 400698
999 ## - СИСТЕМНИ КОНТРОЛНИ НОМЕРА
Koha biblioitemnumber 400698
999 ## - СИСТЕМНИ КОНТРОЛНИ НОМЕРА
Koha biblioitemnumber 400698
999 ## - СИСТЕМНИ КОНТРОЛНИ НОМЕРА
Koha biblioitemnumber 190011
Наличности
Код за отписване Код за изгубен артикул Източник на класификационната схема Код за повреда Коз за рестрикции Код за отдаване Артикулен № Име на библиотеката - собственик Име на библиотеката, в която се намира в момента Статус (Текущо местоположение) Дата на вписване в системата Местоположение - отдел Цена в лева Систематично азбучна сигнатура Баркод Цена в евро Служебен тип на артикула
  Не е изгубен Universal Decimal Classification Не е повреден само за читалня ползва се в читалня 815986 Регионална библиотека "Любен Каравелов" Русе Регионална библиотека "Любен Каравелов" Русе Краезнание 2021-03-13 Краезнание 5.00 К 355/359/Н 21 В 120000853277 2.56 Книги
Vip Innovations Ltd, Rousse, Bulgaria 2025